[Event "CECLUB Segunda División"]
[Site "Linares"]
[Date "2017.08.08"]
[Round "1"]
[White "Urriza Iricibar, Pablo"]
[Black "Perez Gonzalez, Jose Manuel"]
[Result "1-0"]
[Board "2"]
[WhiteElo "2236"]
[WhiteCountry "ESP"]
[WhiteFideId "22252908"]
[WhiteEloChange "12"]
[BlackTitle "FM"]
[BlackElo "2314"]
[BlackCountry "ESP"]
[BlackFideId "2229277"]
[BlackEloChange "-12"]

1. e4 {[%clk 1:30:56]} c5 {[%clk 1:30:50]} 2. Nf3 {[%clk 1:31:12]} d6 {[%clk
1:31:07]} 3. Bb5+ {[%clk 1:29:06]} Bd7 {[%clk 1:31:26]} 4. Bxd7+ {[%clk 1:28:37]}
Qxd7 {[%clk 1:31:49]} 5. O-O {[%clk 1:28:03]} Nf6 {[%clk 1:31:53]} 6. Re1 {[%clk
1:27:51]} Nc6 {[%clk 1:32:05]} 7. c3 {[%clk 1:27:42]} e6 {[%clk 1:32:26]} 8. d3
{[%clk 1:20:21]} Be7 {[%clk 1:30:07]} 9. Bf4 {[%clk 1:19:02]} O-O {[%clk
1:28:50]} 10. h3 {[%clk 1:13:18]} Qd8 {[%clk 0:59:02]} 11. Nbd2 {[%clk 0:52:25]}
d5 {[%clk 0:57:19]} 12. Ne5 {[%clk 0:49:53]} Nxe5 {[%clk 0:55:21]} 13. Bxe5
{[%clk 0:50:17]} dxe4 {[%clk 0:49:15]} 14. dxe4 {[%clk 0:46:26]} Qb6 {[%clk
0:43:14]} 15. Qa4 {[%clk 0:41:03]} Qxb2 {[%clk 0:38:46]} 16. Nc4 {[%clk 0:41:12]}
b5 {[%clk 0:39:12]} 17. Nxb2 {[%clk 0:39:09]} bxa4 {[%clk 0:39:36]} 18. Nxa4
{[%clk 0:26:06]} Nd7 {[%clk 0:34:01]} 19. Bf4 {[%clk 0:22:09]} Nb6 {[%clk
0:26:11]} 20. Nb2 {[%clk 0:16:44]} Rfd8 {[%clk 0:13:57]} 21. a4 {[%clk 0:14:08]}
Bd6 {[%clk 0:12:30]} 22. Bxd6 {[%clk 0:09:15]} Rxd6 {[%clk 0:12:56]} 23. a5
{[%clk 0:09:40]} Nc8 {[%clk 0:12:56]} 24. Nc4 {[%clk 0:08:51]} Rd8 {[%clk
0:13:08]} 25. Red1 {[%clk 0:07:24]} Ne7 {[%clk 0:13:24]} 26. Rxd8+ {[%clk
0:07:47]} Rxd8 {[%clk 0:13:48]} 27. Rb1 {[%clk 0:08:14]} Nc6 {[%clk 0:08:05]} 28.
Rb5 {[%clk 0:08:26]} f5 {[%clk 0:06:13]} 29. exf5 {[%clk 0:07:01]} exf5 {[%clk
0:06:37]} 30. Rxc5 {[%clk 0:07:23]} Ne7 {[%clk 0:06:59]} 31. Rc7 {[%clk 0:03:40]}
Nd5 {[%clk 0:07:23]} 32. Rxa7 {[%clk 0:03:51]} Nxc3 {[%clk 0:07:48]} 33. a6
{[%clk 0:03:37]} Rd1+ {[%clk 0:07:32]} 34. Kh2 {[%clk 0:04:03]} Ra1 {[%clk
0:07:40]} 35. Nd6 {[%clk 0:04:00]} g6 {[%clk 0:07:40]} 36. Ra8+ {[%clk 0:04:05]}
Kg7 {[%clk 0:07:57]} 37. a7 {[%clk 0:04:22]} Ne4 {[%clk 0:02:59]} 38. Nb5 {[%clk
0:04:16]} f4 {[%clk 0:02:18]} 39. g4 {[%clk 0:03:15]} Ra2 {[%clk 0:01:50]} 40.
Re8 {[%clk 0:02:54]} Nc3 {[%clk 0:01:50]} 1-0

[Event "CECLUB Segunda División"]
[Site "Linares"]
[Date "2017.08.08"]
[Round "1"]
[White "Martin Rueda, Daniel"]
[Black "Navarrete Delgado, Sergio"]
[Result "1/2-1/2"]
[Board "3"]
[WhiteTitle "FM"]
[WhiteElo "2310"]
[WhiteCountry "ESP"]
[WhiteFideId "2226847"]
[WhiteEloChange "-3"]
[BlackElo "2220"]
[BlackCountry "ESP"]
[BlackFideId "2222515"]
[BlackEloChange "3"]

1. e4 {[%clk 1:30:48]} d5 {[%clk 1:30:37]} 2. exd5 {[%clk 1:30:59]} Nf6 {[%clk
1:31:02]} 3. Bb5+ {[%clk 1:31:07]} Nbd7 {[%clk 1:31:22]} 4. d4 {[%clk 1:23:39]}
Nxd5 {[%clk 1:27:47]} 5. Nf3 {[%clk 1:23:39]} c6 {[%clk 1:28:11]} 6. Be2 {[%clk
1:24:01]} N7f6 {[%clk 1:27:22]} 7. c4 {[%clk 1:11:58]} Nb6 {[%clk 1:25:29]} 8. a4
{[%clk 1:02:50]} Bg4 {[%clk 1:22:54]} 9. Nbd2 {[%clk 0:44:18]} e6 {[%clk
1:17:59]} 10. a5 {[%clk 0:38:37]} Nbd7 {[%clk 1:13:34]} 11. O-O {[%clk 0:37:17]}
Bd6 {[%clk 1:10:23]} 12. h3 {[%clk 0:34:46]} Bf5 {[%clk 1:08:40]} 13. Qb3 {[%clk
0:31:00]} c5 {[%clk 1:03:31]} 14. Qxb7 {[%clk 0:22:33]} O-O {[%clk 1:03:35]} 15.
Qc6 {[%clk 0:19:32]} Qe7 {[%clk 1:03:37]} 16. b3 {[%clk 0:15:03]} Rfc8 {[%clk
1:00:19]} 17. Qa4 {[%clk 0:15:22]} cxd4 {[%clk 1:00:31]} 18. Nxd4 {[%clk
0:15:29]} Nc5 {[%clk 1:00:18]} 19. Qa2 {[%clk 0:14:39]} Nce4 {[%clk 0:52:13]} 20.
Nb5 {[%clk 0:04:36]} Bc5 {[%clk 0:48:19]} 21. Nxe4 {[%clk 0:03:26]} Nxe4 {[%clk
0:47:53]} 22. Bf3 {[%clk 0:02:27]} a6 {[%clk 0:47:32]} 23. Bxe4 {[%clk 0:02:49]}
Bxe4 {[%clk 0:47:36]} 24. Nc3 {[%clk 0:02:32]} Bb7 {[%clk 0:46:35]} 25. Be3
{[%clk 0:02:06]} Qf6 {[%clk 0:41:03]} 26. Ne2 {[%clk 0:01:30]} Qg6 {[%clk
0:38:40]} 27. Nf4 {[%clk 0:01:44]} Qe4 {[%clk 0:39:08]} 28. Bxc5 {[%clk 0:01:17]}
Rxc5 {[%clk 0:38:15]} 29. Qd2 {[%clk 0:00:41]} Rf5 {[%clk 0:37:40]} 30. Rfd1
{[%clk 0:00:35]} h6 {[%clk 0:37:22]} 31. f3 {[%clk 0:00:32]} Qxf4 {[%clk
0:37:03]} 32. Qxf4 {[%clk 0:00:57]} Rxf4 {[%clk 0:37:28]} 33. Rd7 {[%clk
0:01:24]} Bc6 {[%clk 0:18:00]} 34. Rd6 {[%clk 0:01:46]} Rc8 {[%clk 0:17:30]} 35.
Rad1 {[%clk 0:02:06]} Kh7 {[%clk 0:17:42]} 36. Kf2 {[%clk 0:01:47]} h5 {[%clk
0:15:07]} 37. Ke3 {[%clk 0:01:33]} g5 {[%clk 0:14:11]} 38. R1d4 {[%clk 0:01:23]}
Rf5 {[%clk 0:10:41]} 39. b4 {[%clk 0:01:33]} h4 {[%clk 0:07:56]} 40. Rd8 {[%clk
0:01:09]} Rc7 {[%clk 0:07:41]} 41. Rb8 {[%clk 0:01:11]} Ba4 {[%clk 0:03:01]} 42.
Rb6 {[%clk 0:01:16]} Bb3 {[%clk 0:03:08]} 43. c5 {[%clk 0:00:35]} e5 {[%clk
0:03:37]} 44. Rg4 {[%clk 0:00:37]} Ra7 {[%clk 0:02:22]} 45. Ke4 {[%clk 0:00:57]}
Bc2+ {[%clk 0:02:10]} 46. Ke3 {[%clk 0:01:23]} Ba4 {[%clk 0:01:51]} 47. Ke4
{[%clk 0:01:35]} Bc2+ {[%clk 0:02:20]} 48. Ke3 {[%clk 0:02:00]} Ba4 {[%clk
0:01:43]} 49. Ke4 {[%clk 0:02:00]} 1/2-1/2

[Event "CECLUB Segunda División"]
[Site "Linares"]
[Date "2017.08.08"]
[Round "1"]
[White "Garraza Obaldia, Esteban"]
[Black "Paredes Sanchez, Juan"]
[Result "0-1"]
[Board "4"]
[WhiteElo "1543"]
[WhiteCountry "ESP"]
[WhiteFideId "24513636"]
[WhiteEloChange "-2"]
[BlackElo "2169"]
[BlackCountry "ESP"]
[BlackFideId "2253500"]
[BlackEloChange "2"]

1. e4 {[%clk 1:30:30]} c5 {[%clk 1:30:30]} 2. Nf3 {[%clk 1:30:30]} d6 {[%clk
1:30:30]} 3. d4 {[%clk 1:30:30]} cxd4 {[%clk 1:30:30]} 4. Nxd4 {[%clk 1:30:30]}
Nf6 {[%clk 1:30:30]} 5. Nc3 {[%clk 1:30:30]} a6 {[%clk 1:30:30]} 6. Be3 {[%clk
1:30:30]} e6 {[%clk 1:30:30]} 7. Be2 {[%clk 1:30:30]} Be7 {[%clk 1:30:30]} 8. O-O
{[%clk 1:30:30]} O-O {[%clk 1:30:30]} 9. Qd2 {[%clk 1:30:30]} Nc6 {[%clk
1:30:30]} 10. Rad1 {[%clk 1:30:30]} Qc7 {[%clk 1:30:30]} 11. Nb3 {[%clk 1:30:30]}
b5 {[%clk 1:30:30]} 12. f3 {[%clk 1:30:30]} Rb8 {[%clk 1:30:30]} 13. Rfe1 {[%clk
1:30:30]} Ne5 {[%clk 1:30:30]} 14. Nd4 {[%clk 1:30:30]} b4 {[%clk 1:30:30]} 15.
Nb1 {[%clk 1:30:30]} d5 {[%clk 1:30:30]} 16. exd5 {[%clk 1:30:30]} Nxd5 {[%clk
1:30:30]} 17. b3 {[%clk 1:30:30]} Bb7 {[%clk 1:30:30]} 18. Bf4 {[%clk 1:30:30]}
Nxf4 {[%clk 1:30:30]} 19. Bxa6 {[%clk 1:30:30]} Bg5 {[%clk 1:30:30]} 20. Nb5
{[%clk 1:30:30]} Qc5+ {[%clk 1:30:30]} 21. Qd4 {[%clk 1:30:30]} Nxf3+ {[%clk
1:30:30]} 22. gxf3 {[%clk 1:30:30]} Qxd4+ {[%clk 1:30:30]} 23. Nxd4 {[%clk
1:30:30]} Bxa6 {[%clk 1:30:30]} 24. c4 {[%clk 1:30:30]} Bb7 {[%clk 1:30:30]} 25.
Nd2 {[%clk 1:30:30]} Ra8 {[%clk 1:30:30]} 26. Re5 {[%clk 1:30:30]} Bf6 {[%clk
1:30:30]} 27. Rb5 {[%clk 1:30:30]} Bxd4+ {[%clk 1:30:30]} 28. Kf1 {[%clk
1:30:30]} Bc6 {[%clk 1:30:30]} 0-1

[Event "CECLUB Segunda División"]
[Site "Linares"]
[Date "2017.08.08"]
[Round "1"]
[White "Gallardo Retortillo, Enrique"]
[Black "Laiz Ibanez, Hector"]
[Result "1-0"]
[Board "1"]
[WhiteElo "2223"]
[WhiteCountry "ESP"]
[WhiteFideId "2214113"]
[WhiteEloChange "12"]
[BlackTitle "FM"]
[BlackElo "2284"]
[BlackCountry "ESP"]
[BlackFideId "2216710"]
[BlackEloChange "-12"]

1. e4 {[%clk 1:30:36]} e6 {[%clk 1:30:49]} 2. d4 {[%clk 1:30:15]} d5 {[%clk
1:31:03]} 3. exd5 {[%clk 1:29:44]} exd5 {[%clk 1:31:21]} 4. c4 {[%clk 1:30:08]}
Nf6 {[%clk 1:30:46]} 5. Nf3 {[%clk 1:28:32]} Be7 {[%clk 1:29:54]} 6. Bd3 {[%clk
1:28:13]} O-O {[%clk 1:28:02]} 7. O-O {[%clk 1:16:56]} dxc4 {[%clk 1:02:36]} 8.
Bxc4 {[%clk 1:16:03]} Nc6 {[%clk 1:02:59]} 9. Nc3 {[%clk 1:02:54]} Bg4 {[%clk
1:01:56]} 10. Be3 {[%clk 1:02:17]} Nb4 {[%clk 0:46:41]} 11. h3 {[%clk 1:00:16]}
Bxf3 {[%clk 0:41:14]} 12. Qxf3 {[%clk 1:00:03]} c6 {[%clk 0:40:53]} 13. Rad1
{[%clk 0:57:53]} Nbd5 {[%clk 0:38:39]} 14. Rfe1 {[%clk 0:54:52]} Re8 {[%clk
0:34:43]} 15. Bg5 {[%clk 0:48:42]} Nxc3 {[%clk 0:28:35]} 16. bxc3 {[%clk
0:48:03]} Qd7 {[%clk 0:20:07]} 17. Re5 {[%clk 0:45:37]} Rf8 {[%clk 0:15:13]} 18.
Rde1 {[%clk 0:31:20]} Bd8 {[%clk 0:14:30]} 19. R1e3 {[%clk 0:26:07]} h6 {[%clk
0:11:59]} 20. Bxh6 {[%clk 0:19:22]} gxh6 {[%clk 0:11:35]} 21. Qf4 {[%clk
0:19:28]} Nh7 {[%clk 0:10:04]} 22. Qxh6 {[%clk 0:18:55]} Kh8 {[%clk 0:08:43]} 23.
Rh5 {[%clk 0:18:55]} 1-0

[Event "CECLUB Segunda División"]
[Site "Linares"]
[Date "2017.08.08"]
[Round "1"]
[White "Gonzalez Diaz, Julio"]
[Black "Gomez Gomez, Francisco Jose"]
[Result "1-0"]
[Board "2"]
[WhiteElo "2263"]
[WhiteCountry "ESP"]
[WhiteFideId "2207613"]
[WhiteEloChange "6"]
[BlackElo "2125"]
[BlackCountry "ESP"]
[BlackFideId "2256614"]
[BlackEloChange "-6"]

1. e4 {[%clk 1:30:22]} c5 {[%clk 1:30:50]} 2. Nc3 {[%clk 1:29:35]} Nc6 {[%clk
1:31:02]} 3. Bb5 {[%clk 1:27:45]} Nd4 {[%clk 1:31:18]} 4. Bc4 {[%clk 1:27:48]} e6
{[%clk 1:31:42]} 5. Nf3 {[%clk 1:25:13]} Nf6 {[%clk 1:28:21]} 6. O-O {[%clk
1:15:46]} a6 {[%clk 1:25:19]} 7. e5 {[%clk 1:03:05]} d5 {[%clk 1:14:11]} 8. exf6
{[%clk 0:52:03]} dxc4 {[%clk 1:14:17]} 9. fxg7 {[%clk 0:52:18]} Bxg7 {[%clk
1:14:42]} 10. d3 {[%clk 0:50:52]} Bd7 {[%clk 1:02:22]} 11. Ne4 {[%clk 0:46:47]}
Bc6 {[%clk 1:00:14]} 12. Nxd4 {[%clk 0:43:06]} Qxd4 {[%clk 0:50:55]} 13. Be3
{[%clk 0:33:56]} Qd5 {[%clk 0:49:45]} 14. Qg4 {[%clk 0:22:38]} Bxb2 {[%clk
0:35:19]} 15. Rab1 {[%clk 0:22:38]} cxd3 {[%clk 0:33:20]} 16. cxd3 {[%clk
0:21:58]} O-O-O {[%clk 0:27:26]} 17. Rxb2 {[%clk 0:14:37]} f5 {[%clk 0:27:36]}
18. Qf4 {[%clk 0:10:11]} fxe4 {[%clk 0:24:57]} 19. dxe4 {[%clk 0:10:26]} Qxe4
{[%clk 0:23:49]} 20. Qxe4 {[%clk 0:10:42]} Bxe4 {[%clk 0:24:15]} 21. Bxc5 {[%clk
0:10:10]} Rd3 {[%clk 0:21:03]} 22. f3 {[%clk 0:09:41]} Bc6 {[%clk 0:21:13]} 23.
Re1 {[%clk 0:09:09]} Rg8 {[%clk 0:19:08]} 24. Kf2 {[%clk 0:09:06]} Kd7 {[%clk
0:19:02]} 25. Be3 {[%clk 0:06:33]} Bd5 {[%clk 0:17:45]} 26. Bf4 {[%clk 0:05:01]}
Ra3 {[%clk 0:16:49]} 27. Ree2 {[%clk 0:04:36]} Rc8 {[%clk 0:15:54]} 28. Red2
{[%clk 0:04:14]} Rc4 {[%clk 0:15:45]} 29. Rxb7+ {[%clk 0:02:00]} Kc6 {[%clk
0:09:18]} 30. Rc7+ {[%clk 0:02:13]} Kb5 {[%clk 0:08:42]} 31. Bd6 {[%clk 0:02:09]}
Rxc7 {[%clk 0:07:47]} 32. Bxa3 {[%clk 0:02:31]} Rc3 {[%clk 0:07:17]} 33. Bf8
{[%clk 0:01:47]} Kc6 {[%clk 0:06:41]} 34. Rb2 {[%clk 0:01:37]} Rc1 {[%clk
0:06:17]} 35. Kg3 {[%clk 0:01:12]} e5 {[%clk 0:04:48]} 36. Re2 {[%clk 0:01:09]}
Be6 {[%clk 0:02:35]} 37. a3 {[%clk 0:01:09]} Bc4 {[%clk 0:01:24]} 38. Rxe5 {[%clk
0:01:14]} Bf1 {[%clk 0:01:47]} 39. Kf2 {[%clk 0:00:58]} Bb5 {[%clk 0:01:24]} 40.
g4 {[%clk 0:01:07]} Rh1 {[%clk 0:00:57]} 41. Kg2 {[%clk 0:01:31]} Rd1 {[%clk
0:01:16]} 42. h4 {[%clk 0:01:32]} Rd2+ {[%clk 0:00:54]} 43. Kg3 {[%clk 0:01:52]}
Re2 {[%clk 0:01:23]} 44. Rh5 {[%clk 0:01:27]} Bd3 {[%clk 0:01:33]} 45. Rc5+
{[%clk 0:01:25]} Kb7 {[%clk 0:01:49]} 46. Rc3 {[%clk 0:01:41]} Bb5 {[%clk
0:01:43]} 47. h5 {[%clk 0:01:14]} Re8 {[%clk 0:01:12]} 48. Bd6 {[%clk 0:01:32]}
Bc6 {[%clk 0:01:39]} 49. g5 {[%clk 0:01:01]} Re6 {[%clk 0:01:26]} 50. Bb4 {[%clk
0:00:57]} Re5 {[%clk 0:01:09]} 51. f4 {[%clk 0:00:54]} Re2 {[%clk 0:01:36]} 52.
Rd3 {[%clk 0:00:48]} Rg2+ {[%clk 0:01:30]} 53. Kh3 {[%clk 0:00:47]} Rg1 {[%clk
0:01:01]} 54. Bc5 {[%clk 0:00:56]} Rh1+ {[%clk 0:01:16]} 55. Kg4 {[%clk 0:01:17]}
Be4 {[%clk 0:01:31]} 56. Rg3 {[%clk 0:00:48]} Kc6 {[%clk 0:01:34]} 57. Be3 {[%clk
0:01:06]} Bc2 {[%clk 0:01:06]} 58. h6 {[%clk 0:01:16]} Rf1 {[%clk 0:01:04]} 59.
Rg1 {[%clk 0:00:43]} Rxg1+ {[%clk 0:01:02]} 60. Bxg1 {[%clk 0:01:12]} Bb3 {[%clk
0:00:36]} 61. Kf5 {[%clk 0:01:15]} Kd5 {[%clk 0:00:44]} 62. Kf6 {[%clk 0:01:18]}
Ke4 {[%clk 0:01:00]} 63. g6 {[%clk 0:00:55]} Bg8 {[%clk 0:01:12]} 64. Kg7 {[%clk
0:01:16]} Kd5 {[%clk 0:01:12]} 1-0

[Event "CECLUB Segunda División"]
[Site "Linares"]
[Date "2017.08.08"]
[Round "1"]
[White "Garcia Cuenda, Luis"]
[Black "Abal Cores, Lucas"]
[Result "1/2-1/2"]
[Board "3"]
[WhiteElo "2071"]
[WhiteCountry "ESP"]
[WhiteFideId "22213643"]
[WhiteEloChange "5"]
[BlackTitle "FM"]
[BlackElo "2285"]
[BlackCountry "ESP"]
[BlackFideId "22217975"]
[BlackEloChange "-5"]

1. e4 {[%clk 1:30:57]} c5 {[%clk 1:30:48]} 2. Nf3 {[%clk 1:31:17]} Nc6 {[%clk
1:31:05]} 3. d4 {[%clk 1:31:39]} cxd4 {[%clk 1:31:20]} 4. Nxd4 {[%clk 1:32:00]}
e5 {[%clk 1:31:44]} 5. Nb5 {[%clk 1:32:14]} d6 {[%clk 1:32:04]} 6. N1c3 {[%clk
1:31:37]} a6 {[%clk 1:32:00]} 7. Na3 {[%clk 1:31:59]} b5 {[%clk 1:31:52]} 8. Nd5
{[%clk 1:32:13]} Nce7 {[%clk 1:31:51]} 9. c4 {[%clk 1:21:55]} Nxd5 {[%clk
1:32:14]} 10. Qxd5 {[%clk 1:20:44]} Be6 {[%clk 1:32:23]} 11. Qd1 {[%clk 1:15:18]}
Nf6 {[%clk 1:32:13]} 12. Bd3 {[%clk 1:07:35]} Be7 {[%clk 1:20:20]} 13. O-O {[%clk
0:53:03]} O-O {[%clk 1:10:20]} 14. Qe2 {[%clk 0:52:04]} b4 {[%clk 1:09:36]} 15.
Nc2 {[%clk 0:52:23]} a5 {[%clk 1:09:07]} 16. Ne3 {[%clk 0:46:14]} Rc8 {[%clk
1:02:35]} 17. b3 {[%clk 0:42:14]} Nd7 {[%clk 0:55:35]} 18. Rd1 {[%clk 0:41:01]}
Nc5 {[%clk 0:53:38]} 19. Bc2 {[%clk 0:41:02]} g6 {[%clk 0:50:10]} 20. Nd5 {[%clk
0:37:21]} Bg5 {[%clk 0:43:29]} 21. Be3 {[%clk 0:35:21]} Bxe3 {[%clk 0:36:02]} 22.
fxe3 {[%clk 0:35:42]} Kg7 {[%clk 0:35:42]} 23. Rd2 {[%clk 0:28:30]} Rb8 {[%clk
0:30:28]} 24. Rf1 {[%clk 0:27:16]} f6 {[%clk 0:30:11]} 25. Qe1 {[%clk 0:24:01]}
Rb7 {[%clk 0:29:18]} 26. Qh4 {[%clk 0:21:24]} Rbf7 {[%clk 0:28:53]} 27. h3 {[%clk
0:20:59]} h6 {[%clk 0:21:45]} 28. Qg3 {[%clk 0:18:59]} Rd7 {[%clk 0:16:26]} 29.
Kh2 {[%clk 0:17:29]} Bg8 {[%clk 0:16:34]} 30. Qh4 {[%clk 0:16:39]} Bh7 {[%clk
0:15:44]} 31. Rdf2 {[%clk 0:15:57]} Rdf7 {[%clk 0:14:09]} 32. Qg4 {[%clk
0:15:14]} h5 {[%clk 0:11:47]} 33. Qh4 {[%clk 0:12:14]} Nd7 {[%clk 0:08:56]} 34.
Rf3 {[%clk 0:12:02]} Rh8 {[%clk 0:07:23]} 35. R3f2 {[%clk 0:09:47]} Rff8 {[%clk
0:04:41]} 36. Rd2 {[%clk 0:07:02]} Bg8 {[%clk 0:03:48]} 37. Rfd1 {[%clk 0:05:26]}
Nc5 {[%clk 0:03:19]} 38. Qf2 {[%clk 0:05:04]} h4 {[%clk 0:03:07]} 39. Rf1 {[%clk
0:04:31]} g5 {[%clk 0:02:25]} 40. Qf3 {[%clk 0:04:14]} Rh6 {[%clk 0:01:58]} 41.
Qd1 {[%clk 0:03:40]} Be6 {[%clk 0:01:42]} 42. Rdf2 {[%clk 0:03:50]} Rg6 {[%clk
0:01:35]} 43. Rf5 {[%clk 0:01:57]} Bxf5 {[%clk 0:01:00]} 44. exf5 {[%clk
0:02:13]} Rh6 {[%clk 0:01:30]} 45. Qd2 {[%clk 0:01:27]} e4 {[%clk 0:01:32]} 46.
Qd4 {[%clk 0:01:40]} Qe8 {[%clk 0:01:36]} 47. Nc7 {[%clk 0:01:54]} Qe5+ {[%clk
0:01:59]} 48. Kg1 {[%clk 0:01:47]} Rc8 {[%clk 0:01:26]} 49. Nb5 {[%clk 0:02:10]}
Rc6 {[%clk 0:01:28]} 50. Rd1 {[%clk 0:02:03]} Rh8 {[%clk 0:01:03]} 51. Rf1 {[%clk
0:01:05]} Re8 {[%clk 0:01:18]} 52. Rf2 {[%clk 0:01:03]} Qxd4 {[%clk 0:00:54]} 53.
Nxd4 {[%clk 0:01:01]} Rb6 {[%clk 0:00:56]} 54. Rd2 {[%clk 0:01:29]} Re5 {[%clk
0:00:59]} 55. Kf2 {[%clk 0:01:34]} Kf7 {[%clk 0:01:15]} 56. Rd1 {[%clk 0:01:26]}
d5 {[%clk 0:01:32]} 57. cxd5 {[%clk 0:01:46]} Rxd5 {[%clk 0:02:01]} 58. Ke2
{[%clk 0:02:05]} Rbd6 {[%clk 0:01:45]} 59. Ke1 {[%clk 0:01:40]} Re5 {[%clk
0:01:33]} 60. Ke2 {[%clk 0:02:05]} Nd7 {[%clk 0:00:48]} 61. Ra1 {[%clk 0:02:34]}
Rc5 {[%clk 0:00:53]} 62. Bxe4 {[%clk 0:02:42]} Ne5 {[%clk 0:01:01]} 63. Rh1
{[%clk 0:02:36]} Rd7 {[%clk 0:00:49]} 64. Ra1 {[%clk 0:02:32]} Kg8 {[%clk
0:00:55]} 65. a3 {[%clk 0:01:47]} bxa3 {[%clk 0:01:08]} 66. Rxa3 {[%clk 0:02:02]}
g4 {[%clk 0:01:34]} 67. hxg4 {[%clk 0:02:02]} Nxg4 {[%clk 0:02:04]} 68. Ra4
{[%clk 0:00:59]} Re7 {[%clk 0:01:18]} 69. Ne6 {[%clk 0:01:28]} Re5 {[%clk
0:01:34]} 70. Kf3 {[%clk 0:01:16]} Nh6 {[%clk 0:02:03]} 71. Kf4 {[%clk 0:01:27]}
Rb5 {[%clk 0:02:24]} 72. Nd4 {[%clk 0:01:25]} Rc5 {[%clk 0:02:08]} 73. Ra2 {[%clk
0:01:09]} Rg7 {[%clk 0:02:02]} 74. Bf3 {[%clk 0:01:15]} Rd7 {[%clk 0:01:39]} 75.
Be4 {[%clk 0:01:15]} Rg7 {[%clk 0:01:39]} 76. Bf3 {[%clk 0:01:15]} Rd7 {[%clk
0:01:39]} 77. Be4 {[%clk 0:01:15]} Rg7 {[%clk 0:01:39]} 1/2-1/2

[Event "CECLUB Segunda División"]
[Site "Linares"]
[Date "2017.08.08"]
[Round "1"]
[White "Torrado Quintela, Julio"]
[Black "Gonzalez Benavides, Pilar"]
[Result "1-0"]
[Board "4"]
[WhiteElo "2201"]
[WhiteCountry "ESP"]
[WhiteFideId "2218496"]
[WhiteEloChange "2"]
[BlackElo "1793"]
[BlackCountry "ESP"]
[BlackFideId "22235612"]
[BlackEloChange "-2"]

1. d4 {[%clk 1:30:56]} d5 {[%clk 1:30:51]} 2. Nf3 {[%clk 1:31:09]} Nf6 {[%clk
1:31:03]} 3. c4 {[%clk 1:30:45]} c6 {[%clk 1:31:17]} 4. Nc3 {[%clk 1:31:07]} e6
{[%clk 1:31:15]} 5. e3 {[%clk 1:30:04]} Nbd7 {[%clk 1:30:57]} 6. Bd3 {[%clk
1:30:26]} dxc4 {[%clk 1:29:16]} 7. Bxc4 {[%clk 1:30:49]} b5 {[%clk 1:28:36]} 8.
Bd3 {[%clk 1:30:35]} a6 {[%clk 1:27:30]} 9. e4 {[%clk 1:22:34]} Bb7 {[%clk
1:21:01]} 10. e5 {[%clk 1:17:02]} Nd5 {[%clk 1:20:15]} 11. Nxd5 {[%clk 1:16:50]}
cxd5 {[%clk 1:17:15]} 12. O-O {[%clk 1:17:12]} Be7 {[%clk 1:15:51]} 13. Bd2
{[%clk 1:12:24]} O-O {[%clk 1:11:20]} 14. Rc1 {[%clk 1:08:53]} f6 {[%clk
1:01:46]} 15. Qc2 {[%clk 1:01:32]} f5 {[%clk 0:48:33]} 16. Qc7 {[%clk 1:00:05]}
Rb8 {[%clk 0:45:39]} 17. Ba5 {[%clk 0:43:47]} Qe8 {[%clk 0:39:24]} 18. Qc3 {[%clk
0:42:07]} Rc8 {[%clk 0:33:30]} 19. Qd2 {[%clk 0:41:59]} Qg6 {[%clk 0:28:07]} 20.
Bb4 {[%clk 0:40:27]} Bxb4 {[%clk 0:19:05]} 21. Qxb4 {[%clk 0:40:50]} Nb8 {[%clk
0:18:29]} 22. Qa5 {[%clk 0:26:53]} Nc6 {[%clk 0:14:47]} 23. Qb6 {[%clk 0:27:00]}
Qf7 {[%clk 0:13:16]} 24. h4 {[%clk 0:25:51]} h6 {[%clk 0:11:20]} 25. a4 {[%clk
0:23:50]} Qc7 {[%clk 0:02:29]} 26. Qxc7 {[%clk 0:24:07]} Rxc7 {[%clk 0:02:57]}
27. axb5 {[%clk 0:24:28]} axb5 {[%clk 0:03:26]} 28. Bxb5 {[%clk 0:24:43]} Rfc8
{[%clk 0:03:48]} 29. Rc3 {[%clk 0:23:15]} Na5 {[%clk 0:02:43]} 30. Rxc7 {[%clk
0:23:17]} Rxc7 {[%clk 0:03:11]} 31. Ra1 {[%clk 0:23:20]} Nb3 {[%clk 0:01:40]} 32.
Ra3 {[%clk 0:22:57]} Rc1+ {[%clk 0:01:23]} 33. Kh2 {[%clk 0:23:19]} Na1 {[%clk
0:01:35]} 34. Bd7 {[%clk 0:23:11]} Kf7 {[%clk 0:01:49]} 35. Ra7 {[%clk 0:23:33]}
Rc7 {[%clk 0:01:24]} 36. Ba4 {[%clk 0:23:39]} Ke7 {[%clk 0:01:12]} 37. Bd1 {[%clk
0:23:55]} Rc1 {[%clk 0:00:42]} 38. Rxb7+ {[%clk 0:24:18]} Kf8 {[%clk 0:00:57]}
39. Ba4 {[%clk 0:24:37]} 1-0